[Event "CHN-ch Gp-B"]
[Site "Liaocheng"]
[Date "2024.04.25"]
[Round "10"]
[White "Xie, Kaifan"]
[Black "Gong, Changda"]
[Result "1/2-1/2"]
[WhiteElo "2393"]
[BlackElo "2170"]
[PlyCount "73"]
[EventDate "2024.04.21"]
[EventType "swiss"]
[EventRounds "11"]
[EventCountry "CHN"]
[SourceTitle "CB18_2024"]
[SourceDate "2024.05.01"]
[SourceVersion "1"]
[SourceVersionDate "2024.05.01"]
[SourceQuality "2"]

1. d4 d5 2. c4 c6 3. cxd5 cxd5 4. Bf4 Nf6 5. e3 Nc6 6. Nc3 a6 7. Be2 Bf5 8. Nf3 Nh5 9. Be5 e6 10. 0-0 Be7 11. h3 Nf6 12. Bh2 0-0 13. Rc1 Rc8 14. Bd3 Bxd3 15. Qxd3 b5 16. Ne2 Ne4 17. a3 Qb6 18. Nd2 Nxd2 19. Qxd2 Na5 20. Rxc8 Rxc8 21. Rc1 Nc4 22. Qc2 Ra8 23. Nc3 h6 24. Bg3 Ra7 25. Ne2 Ra8 26. Nc3 Rc8 27. Ne2 Qb7 28. Nf4 a5 29. Nd3 a4 30. Qd1 Nb6 31. Bf4 Rc4 32. Ne5 Rxc1 33. Qxc1 Nc4 34. Qc2 Qa6 35. Qc3 Qb7 36. Qc2 Bf8 37. Bg3 1/2-1/2

[Event "CHN-chT"]
[Site "Qingdao"]
[Date "2024.04.09"]
[Round "8.4"]
[White "Fang, Zelong"]
[Black "Gong, Changda"]
[Result "0-1"]
[WhiteElo "1642"]
[BlackElo "2170"]
[PlyCount "98"]
[EventDate "2024.04.02"]
[EventType "team-swiss"]
[EventRounds "9"]
[EventCountry "CHN"]
[SourceTitle "CB16_2024"]
[SourceDate "2024.04.17"]
[SourceVersion "1"]
[SourceVersionDate "2024.04.17"]
[SourceQuality "1"]
[WhiteTeam "Anhui"]
[BlackTeam "Qingdao"]
[WhiteTeamCountry "CHN"]
[BlackTeamCountry "CHN"]

1. e4 c5 2. Nf3 d6 3. d4 cxd4 4. Nxd4 Nf6 5. Nc3 Nc6 6. Be2 g6 7. Be3 Bg7 8. 0-0 0-0 9. f4 a6 10. Kh1 Bd7 11. Bf3 Rc8 12. a3 Qc7 13. Rc1 Na5 14. Be2 Nc4 15. Bxc4 Qxc4 16. Qd3 b5 17. Nde2 a5 18. b3 Qc6 19. Nd5 Nxd5 20. exd5 Qb7 21. c3 Bf5 22. Qd2 Be4 23. Rfd1 e6 24. c4 bxc4 25. bxc4 exd5 26. cxd5 Rxc1 27. Rxc1 Bxd5 28. Ng3 Re8 29. Nf1 a4 30. Bg1 Be4 31. Ng3 d5 32. Nxe4 dxe4 33. Re1 Bf6 34. f5 gxf5 35. Qf4 Qd7 36. Re3 Be5 37. Qg5+ Kh8 38. Qh5 f6 39. Rh3 f4 40. Qg6 Rc8 41. Qxe4 Rc1 42. Qa8+ Kg7 43. Qe4 h6 44. Rf3 Qa7 45. Rg3+ fxg3 46. Qg4+ Kh8 47. Qc8+ Rxc8 48. Bxa7 Rc1+ 49. Bg1 gxh2 0-1

[Event "CHN-chT"]
[Site "Qingdao"]
[Date "2024.04.08"]
[Round "7.4"]
[White "Gong, Changda"]
[Black "Liu, Bei"]
[Result "1-0"]
[WhiteElo "2170"]
[BlackElo "1964"]
[PlyCount "119"]
[EventDate "2024.04.02"]
[EventType "team-swiss"]
[EventRounds "9"]
[EventCountry "CHN"]
[SourceTitle "CB16_2024"]
[SourceDate "2024.04.17"]
[SourceVersion "1"]
[SourceVersionDate "2024.04.17"]
[SourceQuality "1"]
[WhiteTeam "Qingdao"]
[BlackTeam "Shandong"]
[WhiteTeamCountry "CHN"]
[BlackTeamCountry "CHN"]

1. c4 e6 2. g3 Nf6 3. Bg2 d5 4. Nf3 Be7 5. 0-0 0-0 6. b3 b6 7. d4 Bb7 8. Nc3 Nbd7 9. Bb2 c5 10. Ne1 Ne4 11. cxd5 exd5 12. dxc5 Ndxc5 13. Nb5 Bf6 14. Nd4 Qd7 15. Nd3 Nxd3 16. Qxd3 Rfe8 17. Rfd1 Rad8 18. Rac1 Rc8 19. e3 Rxc1 20. Rxc1 Rc8 21. Rd1 h6 22. Ba1 a6 23. Ne2 Qc6 24. f3 Nc5 25. Qd2 Bxa1 26. Rxa1 Qf6 27. Rc1 Rd8 28. b4 Ne6 29. f4 Qe7 30. Nd4 Nf8 31. Nc6 Bxc6 32. Rxc6 Qb7 33. Rc3 Nh7 34. Rd3 Nf6 35. e4 b5 36. exd5 Ne8 37. h3 Nd6 38. Kh2 Qb6 39. Qe3 Qxe3 40. Rxe3 Kf8 41. Ra3 Ra8 42. Bf1 Ke7 43. Kg2 Kd7 44. Kf3 Kc7 45. Bd3 Kb7 46. Ke3 Re8+ 47. Kd4 f6 48. Rc3 Rd8 49. Rc6 Nc8 50. Kc5 Ne7 51. Rb6+ Ka7 52. Rd6 Rc8+ 53. Kd4 Rc7 54. a4 bxa4 55. Rxa6+ Kb7 56. d6 Rd7 57. Kc5 Nc8 58. b5 Na7 59. Be4+ Kb8 60. b6 1-0

[Event "CHN-chT"]
[Site "Qingdao"]
[Date "2024.04.03"]
[Round "2.4"]
[White "Xi, Qi"]
[Black "Gong, Changda"]
[Result "0-1"]
[WhiteElo "2217"]
[BlackElo "2170"]
[PlyCount "118"]
[EventDate "2024.04.02"]
[EventType "team-swiss"]
[EventRounds "9"]
[EventCountry "CHN"]
[SourceTitle "CB16_2024"]
[SourceDate "2024.04.17"]
[SourceVersion "1"]
[SourceVersionDate "2024.04.17"]
[SourceQuality "1"]
[WhiteTeam "Tianjin"]
[BlackTeam "Qingdao"]
[WhiteTeamCountry "CHN"]
[BlackTeamCountry "CHN"]

1. d4 d5 2. c4 c6 3. Nf3 Nf6 4. e3 e6 5. Bd3 dxc4 6. Bxc4 Nbd7 7. 0-0 Bd6 8. Nc3 b5 9. Bb3 b4 10. Na4 Bb7 11. Qe2 Qa5 12. Rd1 Ba6 13. Qc2 Rc8 14. a3 bxa3 15. bxa3 0-0 16. Bd2 Qh5 17. Bb4 c5 18. dxc5 Bxc5 19. Nxc5 Nxc5 20. Rab1 Rfe8 21. Bxc5 Rxc5 22. Qb2 Bb7 23. Ne1 Rg5 24. f4 Rb5 25. Qd4 Be4 26. Rb2 h6 27. Rdd2 Reb8 28. Bd1 Qh4 29. g3 Qh3 30. Be2 Rxb2 31. Rxb2 Rc8 32. Bf1 Qf5 33. Nd3 Bd5 34. h3 Qe4 35. Qxe4 Nxe4 36. Kh2 Rc3 37. Ne5 f6 38. Rb8+ Kh7 39. Nd7 Kg6 40. Rb2 Rxa3 41. g4 Rxe3 42. Bg2 Kf7 43. Nb8 a5 44. Rc2 Nc3 45. Bxd5 exd5 46. Nc6 a4 47. Kg2 a3 48. Nb4 Re2+ 49. Rxe2 Nxe2 50. Kf3 Nc3 51. Ke3 a2 52. Nc2 Nb5 53. Kd2 f5 54. Kc1 Nd4 55. Na1 fxg4 56. hxg4 g6 57. Kb2 h5 58. gxh5 gxh5 59. Kc3 h4 0-1

[Event "Hohhot National op"]
[Site "Hohhot"]
[Date "2023.12.24"]
[Round "9"]
[White "Gong, Changda"]
[Black "Yu, Shi"]
[Result "1/2-1/2"]
[WhiteElo "2206"]
[BlackElo "1671"]
[PlyCount "41"]
[EventDate "2023.12.20"]
[EventType "swiss"]
[EventRounds "9"]
[EventCountry "CHN"]
[SourceTitle "CB52_2023"]
[SourceDate "2023.12.27"]
[SourceVersion "1"]
[SourceVersionDate "2023.12.27"]
[SourceQuality "1"]

1. d4 Nf6 2. c4 e6 3. Nf3 b6 4. g3 Ba6 5. b3 Bb4+ 6. Bd2 Be7 7. Nc3 d5 8. cxd5 exd5 9. Bg2 0-0 10. 0-0 Bb7 11. a3 c5 12. dxc5 bxc5 13. Ne5 Nc6 14. Bf4 Nd4 15. Nd3 Ne6 16. Na4 Rc8 17. Be5 Bc6 18. b4 c4 19. Ndc5 Nd7 20. Nxe6 fxe6 21. Bb2 1/2-1/2

[Event "Hohhot National op"]
[Site "Hohhot"]
[Date "2023.12.23"]
[Round "7"]
[White "Gong, Changda"]
[Black "He, Ping"]
[Result "1-0"]
[WhiteElo "2206"]
[BlackElo "1719"]
[PlyCount "87"]
[EventDate "2023.12.20"]
[EventType "swiss"]
[EventRounds "9"]
[EventCountry "CHN"]
[SourceTitle "CB52_2023"]
[SourceDate "2023.12.27"]
[SourceVersion "1"]
[SourceVersionDate "2023.12.27"]
[SourceQuality "1"]

1. d4 d5 2. c4 e6 3. Nf3 c6 4. e3 Nd7 5. Nc3 f5 6. Bd3 Nh6 7. Qc2 Qf6 8. Bd2 Bd6 9. 0-0-0 0-0 10. h3 Rd8 11. Kb1 Nf7 12. cxd5 cxd5 13. g4 fxg4 14. Bxh7+ Kf8 15. Ng1 Qh6 16. Bd3 g3 17. fxg3 Bxg3 18. Nge2 Bf2 19. Nf4 g5 20. Ng6+ Kg7 21. Rdf1 Bh4 22. Rhg1 Nf6 23. Nxh4 Qxh4 24. Be1 Qh6 25. h4 g4 26. e4 e5 27. Nxd5 Nxd5 28. exd5 e4 29. Bxe4 Bd7 30. Bf5 Rac8 31. Bc3 Kh8 32. d6 Bxf5 33. Qxf5 Nxd6 34. d5+ Rxc3 35. Qe5+ Kh7 36. Qe7+ Qg7 37. Qxg7+ Kxg7 38. Rxg4+ Kh6 39. bxc3 b5 40. Rf6+ Kh5 41. Rg5+ Kxh4 42. Rg1 Kh5 43. Rf2 Ne4 44. Rh2# 1-0

[Event "Hohhot National op"]
[Site "Hohhot"]
[Date "2023.12.21"]
[Round "3"]
[White "Gong, Changda"]
[Black "Jin, Ruijun"]
[Result "1-0"]
[WhiteElo "2206"]
[BlackElo "1610"]
[PlyCount "93"]
[EventDate "2023.12.20"]
[EventType "swiss"]
[EventRounds "9"]
[EventCountry "CHN"]
[SourceTitle "CB52_2023"]
[SourceDate "2023.12.27"]
[SourceVersion "1"]
[SourceVersionDate "2023.12.27"]
[SourceQuality "1"]

1. d4 d5 2. c4 e6 3. Nf3 Nf6 4. Nc3 Be7 5. Bf4 0-0 6. e3 Nbd7 7. c5 Nh5 8. Bd3 Nxf4 9. exf4 b6 10. b4 a5 11. a3 c6 12. 0-0 Ba6 13. Bxa6 Rxa6 14. Qe2 Qa8 15. b5 cxb5 16. Qxb5 Ra7 17. c6 Nb8 18. Rfc1 Rc7 19. Ne5 Rfc8 20. Qxb6 Nxc6 21. Nb5 Rb7 22. Nxc6 Bf8 23. Ne7+ Bxe7 24. Rxc8+ Qxc8 25. Qxa5 Qb8 26. a4 Qxf4 27. g3 Qb8 28. Rc1 g6 29. Rc6 Kg7 30. Kg2 h5 31. h4 Bf6 32. Qc3 Rxb5 33. axb5 Qxb5 34. Rc8 Qe2 35. Qb4 Qe4+ 36. Kh2 Qxd4 37. Qf8+ Kh7 38. Qxf7+ Kh6 39. Kg1 Qe5 40. Rc7 Bg7 41. Re7 Qf6 42. Qxf6 Bxf6 43. Rxe6 Kg7 44. Rd6 d4 45. Rd7+ Kf8 46. Kf1 Ke8 47. Rb7 1-0

[Event "CHN-chT"]
[Site "Hangzhou"]
[Date "2023.05.22"]
[Round "4.3"]
[White "Xiang, Zeyu"]
[Black "Gong, Changda"]
[Result "0-1"]
[WhiteElo "2416"]
[BlackElo "2209"]
[PlyCount "74"]
[EventDate "2023.05.19"]
[EventType "team-swiss"]
[EventRounds "9"]
[EventCountry "CHN"]
[SourceTitle "CBM 214 Extra"]
[Source "ChessBase"]
[SourceDate "2023.07.31"]
[SourceVersion "1"]
[SourceVersionDate "2023.07.31"]
[SourceQuality "1"]
[WhiteTeam "Hangzhou"]
[BlackTeam "Qingdao"]
[WhiteTeamCountry "CHN"]
[BlackTeamCountry "CHN"]

1. d4 d5 2. c4 c6 3. Nf3 Nf6 4. e3 e6 5. Bd3 Nbd7 6. 0-0 Bd6 7. Nc3 0-0 8. e4 dxc4 9. Bxc4 e5 10. h3 b5 11. Bd3 Bb7 12. Be3 Re8 13. Qc2 a6 14. a4 b4 15. Ne2 exd4 16. Nexd4 c5 17. Nf5 Bf8 18. Nd2 c4 19. Nxc4 Nxe4 20. Rad1 Rc8 21. Qe2 Bd5 22. Nd2 Nec5 23. Bc4 Ne5 24. Bxd5 Qxd5 25. Bxc5 Qxc5 26. Qxa6 Qc2 27. b3 Qxf5 28. Rfe1 Nd3 29. Rxe8 Rxe8 30. Nf3 Nf4 31. Qc6 Re6 32. Qa8 Rg6 33. Nh4 Nxh3+ 34. Kh2 Qf4+ 35. Kxh3 Qg4+ 36. Kh2 Qxh4+ 37. Kg1 Rh6 0-1